000 00447nam a2200145 a 4500
001 000042812
005 20201002040421.0
008 140210s199- dr 000 0 spa d
040 _aDO-SdBNP
_bspa
_cBNPHU
082 _axxxxx
_bxxxxx
100 1 _aCamacho, V.,
_d1948-
_970165
245 1 0 _a500 años de guerras y políticas entre Europa, Asia y América /
_cV. Camacho.
260 _aSanto Domingo :
_bBúho,
_c199?. --.
300 _a214 p. ;
_c20 cm.
999 _c42301
_d42301